Rückblick 2020 - Länder zuordnen (Afrika) - Statistiken

Allgemein
  • Dieses Quiz wurde 20 mal gespielt
  • Das Durchschnittsergebnis liegt bei 3 aus 15
Antwortstatistiken
Hint Antwort % Korrekt
Zwischen der nicht von der UN anerkannten Republik Sahara und diesem Land brechen erneut Kämpfe aus. Marokko
74%
Beginn des Tigray-Kriegs durch eine Offensive des Militärs nach dem Angriff auf eine Militärbasis. Äthiopien
42%
Dieses Land erlebt seinen zweiten Militärputsch innerhalb von 10 Jahren. Mali
42%
Das einzige afrikanische Land, das an den Olympischen Jugend-Winterspielen 2020 teilnimmt. Südafrika
37%
Vor der Küste dieses Landes ertrinken 140 Migranten, die auf dem Weg zu den Kanaren waren. Senegal
32%
Die USA entfernen dieses Land von ihrer "State Sponsors of Terrorism"-Liste. Sudan
26%
Dieses Land ist das letzte in Afrika, das Polio ausrottet. Nigeria
21%
In diesem Land gibt es den ersten Fall von COVID-19 auf dem afrikanischen Kontinent. Ägypten
16%
In Massengräbern werden mind. 180 Leichen, vermutlich von Dschihadisten, gefunden. Burkina Faso
11%
Der Ölfrachter "Wakashio" havariert vor der Küste und verursacht eine Ölpest. Mauritius
11%
Präsident Edgar Lungu begnadigt knapp 3000 Insassen zur Feier des Afrikatags Sambia
11%
Der Bürgerkrieg, der seit 2014 geführt wird, endet mit einem Waffenstillstand. Libyen
5%
Lazarus Chakwera wird mit 59% der Stimmen zum Präsidenten gewählt. Malawi
5%
Islamisten ermorden 52 Dorfbewohner. Mosambik
5%
44 mutmaßliche Boko-Haram-Mitglieder werden in einem Gefängnis tot aufgefunden, offenbar aufgrund einer Vergiftung. Tschad
5%
Keine übereinstimmenden Quizze gefunden
Verteilung der Resultate
Anzahl Personen mit jedem Resultat
Perzentil nach korrekt beantworteten Fragen
Ihre Resultats-Entwicklung
Sie haben dieses Quiz noch nicht gespielt